Zgadnij Miasto po Obrazku: Polska - Statystyki

Ogólne statystyki
  • Ten quiz został rozwiązany 162 razy
  • Średni wynik to 8 z 15
Statystyki odpowiedzi
Obrazkowy Odpowiedź % Poprawnych
Kraków
93%
Warszawa
86%
Katowice
79%
Wrocław
71%
Gdynia
66%
Poznań
63%
Łódź
55%
Szczecin
44%
Bydgoszcz
42%
Lublin
39%
Toruń
33%
Białystok
30%
Rzeszów
29%
Gorzów Wielkopolski
16%
Opole
12%
Nie znaleziono quizów pasujących do podanych kryteriów
Rozkład punktacji
Procent ludzi z każdym wynikiem
Percentyl według liczby udzielonych odpowiedzi
Twoja historia wyników
Nie rozwiązałeś tego quizu